Skład FC Barcelony 25/26 - Statystyki

Ogólne statystyki
  • Ten quiz został rozwiązany 70 razy
  • Średni wynik to 19 z 25
Statystyki odpowiedzi
Pozycja Zawodnik % Poprawnych
BR Wojciech Szczęsny
98%
ŚN Robert Lewandowski
96%
BR Joan Garcia
95%
ŚO Eric Garcia
93%
PN Lamine Yamal
89%
ŚPO Pedri
89%
ŚN Ferran Torres
88%
PO Jules Kounde
84%
ŚO Pau Cubarsi
84%
LO Alejandro Balde
82%
LN Raphinha
82%
ŚPO Gavi
80%
OP Fermin Lopez
79%
LN Marcus Rashford
79%
ŚO Ronald Araujo
71%
OP Dani Olmo
70%
PO Joao Cancelo
70%
ŚO Gerard Martin
64%
ŚPO Frenkie De Jong
61%
DP Marc Bernal
59%
DP Marc Casado
57%
ŚO Andreas Christensen
55%
BR Diego Kochen
52%
PN Roony Bardghji
50%
PO Xavi Espart
34%
Nie znaleziono quizów pasujących do podanych kryteriów
Rozkład punktacji
Procent ludzi z każdym wynikiem
Percentyl według liczby udzielonych odpowiedzi
Twoja historia wyników
Nie rozwiązałeś tego quizu